000 00291nam a22001097a 4500
082 _a629.287 EWI'O
100 _aEWING, CHARLES G
_978346
245 _aOUTBOARD MOTOR SERVICE MANUAL COVERING ALL LEADING MAKES AND MODELS
260 _aKANSAS
_bTECHNICAL
_c1962
300 _a255P
942 _cBK
999 _c583484
_d583484